Advanced accounting / (Record no. 916)

MARC details
000 -LEADER
fixed length control field 00653nam a22002297a 4500
001 - CONTROL NUMBER
control field BD-DhSAU 916
003 - CONTROL NUMBER IDENTIFIER
control field BD-DhSAU
005 - DATE AND TIME OF LATEST TRANSACTION
control field 20150107220955.0
008 - FIXED-LENGTH DATA ELEMENTS--GENERAL INFORMATION
fixed length control field 150107b1989 bd a||||r|||| 00| 0 eng d
040 ## - CATALOGING SOURCE
Original cataloging agency BD-DhSAU
082 ## - DEWEY DECIMAL CLASSIFICATION NUMBER
Edition number 22
Classification number 657
Item number KHA
100 ## - MAIN ENTRY--PERSONAL NAME
Personal name Khan, Muinuddin.
245 ## - TITLE STATEMENT
Title Advanced accounting /
Statement of responsibility, etc. Muinuddin Khan.
250 ## - EDITION STATEMENT
Edition statement 8th edition.
260 ## - PUBLICATION, DISTRIBUTION, ETC. (IMPRINT)
Place of publication, distribution, etc. Dhaka :
Name of publisher, distributor, etc. Ideal Co. ;
Date of publication, distribution, etc. c1989.
300 ## - PHYSICAL DESCRIPTION
Extent xii, 942 p. :
Other physical details ill. ;
Dimensions 23 cm.
440 ## - SERIES STATEMENT/ADDED ENTRY--TITLE
Title Based entirely on law and practice of Bangladesh.
Number of part/section of a work Volume 1
590 ## - Name of Cataloguer
Name of Cataloger joy
650 ## - SUBJECT ADDED ENTRY--TOPICAL TERM
Topical term or geographic name as entry element Economics.
650 ## - SUBJECT ADDED ENTRY--TOPICAL TERM
Topical term or geographic name as entry element Accounting.
650 ## - SUBJECT ADDED ENTRY--TOPICAL TERM
Topical term or geographic name as entry element Accounting.
General subdivision Law and practice.
Geographic subdivision Bangladesh.
942 ## - ADDED ENTRY ELEMENTS (KOHA)
Source of classification or shelving scheme Dewey Decimal Classification
Koha item type Book
Holdings
Withdrawn status Lost status Source of classification or shelving scheme Damaged status Not for loan Home library Branch Name Shelving location Date acquired Total Checkouts Full call number Barcode Date last seen Price effective from Koha item type Collection code
    Dewey Decimal Classification     SAU Library SAU Library General Stacks 19/08/2007   657 KHA 32426 07/01/2015 07/01/2015 Book  
    Dewey Decimal Classification     SAU Library SAU Library General Stacks 19/08/2007   657 KHA 32424 07/01/2015 07/01/2015 Book  
    Dewey Decimal Classification     SAU Library SAU Library General Stacks 19/08/2007   657 KHA 32423 07/01/2015 07/01/2015 Book  
    Dewey Decimal Classification     SAU Library SAU Library General Stacks 19/08/2007   657 KHA 32425 07/01/2015 07/01/2015 Book  
    Dewey Decimal Classification   Not For Loan SAU Library SAU Library Reference 19/08/2007   657 KHA 32422 21/05/2015 21/05/2015 Book Reference